00467 2200181 4500245005500000020001800055250001100073100002100084700002000105700002300125650001700148005001900165260003100184041001400215084001300229300003400242336000900276 aShanaou Yoshitsune Vol. 21cSawada, HirofumihText a9789792315981 aCet. 3 aSawada, Hirofumi aIne Martiana K. aFebrian Anantasyah aKomik Jepang a20230907141327 aJakartabPT Gramediac2011 aIndonesia a741.5592 a... jil. :bilus. ;c17,5 cm. atext